[Event "CP-2008-Q-00005"]
[Site "LSS email"]
[Date "2010.01.10"]
[Round "?"]
[White "Deidun, Joseph Jr"]
[Black "Johansen, Svein Age"]
[Result "1/2-1/2"]
[WhiteElo "1988"]
[BlackElo "2074"]
[PlyCount "54"]
[EventDate "2010.01.15"]
[EventType "tourn (corr)"]
[EventRounds "6"]
[EventCountry "GER"]
[SourceTitle "Telechess CBM 141"]
[Source "ChessBase"]
[SourceDate "2011.03.17"]
[SourceVersion "1"]
[SourceVersionDate "2011.03.17"]
[SourceQuality "1"]

1. d4 Nf6 2. c4 e6 3. Nc3 Bb4 4. Qc2 0-0 5. a3 Bxc3+ 6. Qxc3 b6 7. Nf3 Bb7 8. g3 d6 9. Bg2 Nbd7 10. 0-0 c5 11. b4 Rc8 12. Bb2 Qc7 13. Rac1 Rfd8 14. Rfd1 a6 15. dxc5 dxc5 16. Qe3 h6 17. Rd2 cxb4 18. axb4 a5 19. c5 bxc5 20. Bxf6 Nxf6 21. Rxc5 Qe7 22. bxa5 Rxc5 23. Rxd8+ Kh7 24. Qa3 Qc7 25. Qd3+ g6 26. Qd6 Qxd6 27. Rxd6 Rxa5 1/2-1/2

[Event "LSS CP-2009-P-00038"]
[Site "LSS email"]
[Date "2009.09.27"]
[Round "?"]
[White "Deidun, Joseph Jr"]
[Black "Helmer, Janos"]
[Result "0-1"]
[WhiteElo "1981"]
[BlackElo "2158"]
[PlyCount "122"]
[EventDate "2009.10.01"]
[EventType "tourn (corr)"]
[EventRounds "6"]
[EventCountry "GER"]
[SourceTitle "Telechess CBM 141"]
[Source "ChessBase"]
[SourceDate "2011.03.17"]
[SourceVersion "1"]
[SourceVersionDate "2011.03.17"]
[SourceQuality "1"]

1. d4 f5 2. c4 Nf6 3. Nc3 e6 4. Nf3 Bb4 5. e3 b6 6. Bd2 Bb7 7. Be2 0-0 8. 0-0 Qe7 9. Qb3 Bxc3 10. Bxc3 Ne4 11. Nd2 Nxc3 12. Qxc3 d6 13. Bf3 Bxf3 14. Nxf3 Nd7 15. Rfd1 Nf6 16. Qd3 Ne4 17. b4 a5 18. a3 Qf6 19. b5 Rae8 20. Rac1 Rf7 21. Qc2 h6 22. a4 Kh8 23. Rd3 Rfe7 24. c5 bxc5 25. Nd2 e5 26. dxe5 Rxe5 27. Nc4 R5e6 28. Nxa5 f4 29. f3 Ng5 30. e4 Nxe4 31. fxe4 Rxe4 32. Qf2 Rxa4 33. Nc6 Rae4 34. Rd2 Re3 35. Rf1 R8e4 36. Ra2 c4 37. Qc2 Qg5 38. Ra8+ Kh7 39. Re8 Re2 40. Qxe2 Rxe2 41. Rxe2 Qc5+ 42. Kh1 c3 43. Ree1 Qxb5 44. Nd4 Qd3 45. Rxf4 Qd2 46. Ref1 c5 47. Nb3 Qb2 48. Nc1 d5 49. Rf5 Qb5 50. Kg1 d4 51. h3 c2 52. Rd5 Qb6 53. Rd7 Qb2 54. Rc7 d3 55. Nxd3 Qd4+ 56. Nf2 Qe3 57. Rd7 c4 58. Rf7 c1Q 59. Rxc1 Qxc1+ 60. Kh2 c3 61. Rf3 c2 0-1

[Event "LSS CP-2006-S-00001"]
[Site "LSS email"]
[Date "2009.04.02"]
[Round "?"]
[White "Degterev, Pavel"]
[Black "Deidun, Joseph Jr"]
[Result "1-0"]
[WhiteElo "2329"]
[BlackElo "2408"]
[PlyCount "89"]
[EventDate "2009.04.01"]
[EventType "tourn (corr)"]
[EventRounds "6"]
[EventCountry "GER"]
[SourceTitle "Telechess CBM 137"]
[Source "ChessBase"]
[SourceDate "2010.07.15"]
[SourceVersion "1"]
[SourceVersionDate "2010.07.15"]
[SourceQuality "1"]

1. b4 e5 2. Bb2 f6 3. e4 Bxb4 4. Bc4 Ne7 5. Qh5+ g6 6. Qh4 Nec6 7. f4 d6 8. f5 Na5 9. Be2 gxf5 10. Bh5+ Kf8 11. exf5 Nbc6 12. Ne2 d5 13. Nbc3 d4 14. Bc1 dxc3 15. dxc3 Bd6 16. Bh6+ Ke7 17. Bg7 Rf8 18. Ng3 Nb8 19. Ne4 Nd7 20. g4 Nc4 21. g5 Ndb6 22. Bxf6+ Rxf6 23. gxf6+ Kd7 24. Bf3 Ne3 25. Qxh7+ Kc6 26. Nxd6+ Kxd6 27. Qh6 Bxf5 28. Qxe3 Qxf6 29. 0-0-0+ Ke6 30. Rhf1 Rh8 31. Be4 Rh5 32. Qf3 Qg5+ 33. Kb1 Qg6 34. Bxf5+ Rxf5 35. Qxb7 Qe8 36. Rxf5 Kxf5 37. Qxc7 Qb5+ 38. Kc1 Qe2 39. Qf7+ Ke4 40. Qg6+ Kf4 41. Qg3+ Kf5 42. Re1 Qb5 43. Qh3+ Kf6 44. Rf1+ Ke7 45. Qh7+ 1-0

[Event "LSS CP-2006-S-00001"]
[Site "LSS email"]
[Date "2009.04.02"]
[Round "?"]
[White "Hartl, Hermann"]
[Black "Deidun, Joseph Jr"]
[Result "1-0"]
[WhiteElo "2513"]
[BlackElo "2408"]
[PlyCount "99"]
[EventDate "2009.04.01"]
[EventType "tourn (corr)"]
[EventRounds "6"]
[EventCountry "GER"]
[SourceTitle "Telechess CBM 137"]
[Source "ChessBase"]
[SourceDate "2010.07.15"]
[SourceVersion "1"]
[SourceVersionDate "2010.07.15"]
[SourceQuality "1"]

1. e4 c5 2. Nf3 Nc6 3. d4 cxd4 4. Nxd4 e5 5. Nb5 d6 6. N1c3 a6 7. Na3 b5 8. Nd5 Nf6 9. Bg5 Be7 10. Bxf6 Bxf6 11. c3 0-0 12. Nc2 Rb8 13. Be2 Bg5 14. 0-0 Be6 15. Qd3 f5 16. Bf3 g6 17. Rad1 Qd7 18. Nde3 fxe4 19. Bxe4 Rbd8 20. Bd5 Kh8 21. a4 Bxd5 22. Nxd5 bxa4 23. Qxa6 Ne7 24. Ncb4 Nxd5 25. Rxd5 h6 26. Rfd1 Qf7 27. Qe2 Qc7 28. g3 h5 29. Qe4 Kh7 30. h4 Bf6 31. R5d2 Bg7 32. Nd5 Qa7 33. Ra1 Ra8 34. b4 a3 35. b5 Qf7 36. Rda2 Ra5 37. c4 Ra4 38. Kg2 Rc8 39. Rc1 Rb8 40. b6 Rba8 41. Rc3 Rf8 42. Rd3 Rfa8 43. Rf3 Qd7 44. Rf6 Qg4 45. Qb1 e4 46. Rf7 Qe6 47. Re7 Qf5 48. b7 Rb8 49. Qb5 Ra7 50. Qb6 1-0

[Event "LSS CP-2007-Q-00006"]
[Site "LSS email"]
[Date "2009.01.15"]
[Round "?"]
[White "Deidun, Joseph Jr"]
[Black "Lindsalu, Indrek"]
[Result "0-1"]
[WhiteElo "1976"]
[BlackElo "2288"]
[PlyCount "90"]
[EventDate "2009.01.15"]
[EventType "tourn (corr)"]
[EventRounds "6"]
[EventCountry "GER"]
[SourceTitle "Corr 2011"]
[Source "ChessBase"]
[SourceDate "2010.08.31"]
[SourceVersion "1"]
[SourceVersionDate "2010.08.31"]
[SourceQuality "1"]

1. d4 Nf6 2. c4 e6 3. Nf3 Bb4+ 4. Nc3 b6 5. Bg5 Bb7 6. e3 h6 7. Bh4 g5 8. Bg3 Ne4 9. Qc2 Bxc3+ 10. bxc3 d6 11. Bd3 Nxg3 12. hxg3 g4 13. Nh4 Qe7 14. 0-0 Nc6 15. Rab1 0-0-0 16. f4 gxf3 17. gxf3 Rhg8 18. Kf2 Kb8 19. f4 Rg4 20. Nf3 Rdg8 21. Rg1 Na5 22. e4 f5 23. exf5 Qg7 24. f6 Qxf6 25. Rbe1 Bxf3 26. Kxf3 h5 27. Qh2 e5 28. dxe5 dxe5 29. Rxe5 h4 30. Qd2 Nc6 31. Rh5 Qf7 32. Rh7 Qe6 33. Kf2 Qf6 34. Ke1 Rxg3 35. Rxg3 hxg3 36. Rh1 Rd8 37. Rg1 Qh8 38. c5 Na5 39. cxb6 axb6 40. Rxg3 Qh1+ 41. Kf2 Nc4 42. Qe2 Qh2+ 43. Rg2 Qxf4+ 44. Qf3 Qxf3+ 45. Kxf3 Rxd3+ 0-1

[Event "LSS CP-2007-Q-00006"]
[Site "LSS email"]
[Date "2009.01.15"]
[Round "?"]
[White "Deidun, Joseph Jr"]
[Black "Martinez, Jorge"]
[Result "1/2-1/2"]
[WhiteElo "2408"]
[BlackElo "2203"]
[PlyCount "97"]
[EventDate "2009.01.15"]
[EventType "tourn (corr)"]
[EventRounds "6"]
[EventCountry "GER"]
[SourceTitle "Telechess CBM 137"]
[Source "ChessBase"]
[SourceDate "2010.07.15"]
[SourceVersion "1"]
[SourceVersionDate "2010.07.15"]
[SourceQuality "1"]

1. d4 Nf6 2. c4 e6 3. Nf3 b6 4. g3 Ba6 5. b3 Bb4+ 6. Bd2 Be7 7. Bg2 c6 8. Bc3 d5 9. Nbd2 Nbd7 10. 0-0 0-0 11. Re1 c5 12. e4 dxe4 13. Nxe4 Nxe4 14. Rxe4 Bb7 15. Re3 Bf6 16. dxc5 Bxc3 17. Rxc3 Nxc5 18. Qe2 Qc7 19. b4 Ne4 20. Rd3 Rad8 21. Rad1 f5 22. Qe3 Ba6 23. b5 Bc8 24. Rxd8 Rxd8 25. Rxd8+ Qxd8 26. Qd4 Qd7 27. Qxd7 Bxd7 28. Ne5 Nc5 29. Bc6 Bxc6 30. Nxc6 a5 31. bxa6 Nxa6 32. Ne7+ Kf7 33. Nc8 Nc5 34. Nxb6 Ke7 35. Nc8+ Kd7 36. Na7 e5 37. h4 Ne4 38. h5 Nd2 39. f4 Nxc4 40. fxe5 Nxe5 41. Nb5 Nc6 42. Kf2 Ke6 43. Ke3 Ke5 44. a4 g6 45. hxg6 hxg6 46. Kd3 g5 47. Nc3 Na5 48. Ne2 Nb7 49. Ke3 1/2-1/2

[Event "LSS CP-2007-Q-00006"]
[Site "LSS email"]
[Date "2009.01.15"]
[Round "?"]
[White "Nucci, Luciano"]
[Black "Deidun, Joseph Jr"]
[Result "1/2-1/2"]
[WhiteElo "2012"]
[BlackElo "1976"]
[PlyCount "87"]
[EventDate "2009.01.15"]
[EventType "tourn (corr)"]
[EventRounds "6"]
[EventCountry "GER"]
[SourceTitle "Corr 2011"]
[Source "ChessBase"]
[SourceDate "2010.08.31"]
[SourceVersion "1"]
[SourceVersionDate "2010.08.31"]
[SourceQuality "1"]

1. d4 Nf6 2. c4 c5 3. d5 b5 4. cxb5 a6 5. bxa6 Bxa6 6. Nc3 g6 7. Nf3 d6 8. g3 Bg7 9. Bg2 Nbd7 10. 0-0 0-0 11. Qc2 Qa5 12. Rd1 Rfb8 13. Bd2 Ng4 14. h3 Nge5 15. Nxe5 Nxe5 16. b3 c4 17. Re1 Bc8 18. Rec1 Ba6 19. Rcb1 Nd7 20. Na4 cxb3 21. Rxb3 Rc8 22. Qxc8+ Bxc8 23. Bxa5 Bxa1 24. Bc3 Rxa4 25. Bxa1 Rxa2 26. Bb2 Ba6 27. e4 f6 28. Bd4 Kf7 29. Rb4 Ne5 30. Rb8 Be2 31. Bxe5 fxe5 32. f4 exf4 33. gxf4 Bd3 34. e5 Ra7 35. Kh2 Bf5 36. Rb3 dxe5 37. fxe5 Ra2 38. Re3 g5 39. Kg3 h6 40. Bf3 Ra4 41. Bh5+ Kg8 42. Be2 Rd4 43. Bf3 Rd2 44. h4 1/2-1/2

[Event "LSS CP-2007-Q-00006"]
[Site "LSS email"]
[Date "2009.01.15"]
[Round "?"]
[White "Staroske, Uwe"]
[Black "Deidun, Joseph Jr"]
[Result "1-0"]
[WhiteElo "2353"]
[BlackElo "1982"]
[PlyCount "107"]
[EventDate "2009.01.15"]
[EventType "tourn (corr)"]
[EventRounds "6"]
[EventCountry "GER"]
[SourceTitle "Corr 2013"]
[Source "ChessBase"]
[SourceDate "2012.11.12"]
[SourceVersion "1"]
[SourceVersionDate "2012.11.12"]
[SourceQuality "1"]
[WhiteTeam "US of America"]
[BlackTeam "US of America"]
[WhiteTeamCountry "USA"]
[BlackTeamCountry "USA"]

1. e4 c5 2. Nf3 d6 3. d4 cxd4 4. Nxd4 Nf6 5. Nc3 a6 6. Bg5 e6 7. f4 Qb6 8. Qd2 Qxb2 9. Rb1 Qa3 10. e5 dxe5 11. fxe5 Nfd7 12. Ne4 h6 13. Bh4 Qxa2 14. Rd1 Qd5 15. Qe3 Qxe5 16. Be2 Bc5 17. Bg3 Bxd4 18. Rxd4 Qa5+ 19. Rd2 0-0 20. Bd6 Re8 21. 0-0 f5 22. Qg3 fxe4 23. Qg6 Rd8 24. Rf7 Qc3 25. Qxe6 Kh8 26. Be5 Qxe5 27. Qxe5 Nxe5 28. Rxd8+ Kh7 29. Rc7 Bf5 30. Rf8 b6 31. Rxf5 Nbd7 32. Rf4 Nc5 33. Rf6 Rb8 34. h3 Kg8 35. Rf1 Re8 36. Kf2 Kh7 37. Ke3 Re6 38. Rf8 Rg6 39. Re8 Ned7 40. g4 Nf6 41. Re5 Ne6 42. Ra7 Ng5 43. Bf1 Nf3 44. Rf5 Nh4 45. Rf2 b5 46. c4 h5 47. g5 Ne8 48. Rf4 Nd6 49. c5 Nhf5+ 50. Kf2 Nc8 51. Rf7 Nfe7 52. Rxe4 Rxg5 53. Bd3 Kh6 54. c6 1-0

[Event "LSS CP-2008-P-00050"]
[Site "LSS email"]
[Date "2008.10.01"]
[Round "?"]
[White "Deidun, Joseph Jr"]
[Black "Masakov, Alexey"]
[Result "1-0"]
[WhiteElo "1964"]
[BlackElo "1078"]
[PlyCount "41"]
[EventDate "2008.10.01"]
[EventType "tourn (corr)"]
[EventRounds "6"]
[EventCountry "GER"]
[SourceTitle "Corr 2013"]
[Source "ChessBase"]
[SourceDate "2012.11.12"]
[SourceVersion "1"]
[SourceVersionDate "2012.11.12"]
[SourceQuality "1"]
[WhiteTeam "US of America"]
[BlackTeam "US of America"]
[WhiteTeamCountry "USA"]
[BlackTeamCountry "USA"]

1. d4 Nf6 2. c4 g6 3. Nc3 Bg7 4. e4 d6 5. Nf3 0-0 6. Be2 Nc6 7. d5 Nb4 8. Be3 e6 9. 0-0 Na6 10. Rc1 Nc5 11. Nd2 exd5 12. cxd5 Re8 13. f3 b6 14. b4 Ncd7 15. Nb3 Bb7 16. Qd2 Rc8 17. Nd4 c5 18. dxc6 Bxc6 19. Ncb5 Bxb5 20. Bxb5 Rf8 21. Nc6 1-0

[Event "LSS CP-2008-P-00050"]
[Site "LSS email"]
[Date "2008.10.01"]
[Round "?"]
[White "Deidun, Joseph Jr"]
[Black "Navarro, Rodolfo"]
[Result "1-0"]
[WhiteElo "1988"]
[BlackElo "1398"]
[PlyCount "29"]
[EventDate "2008.10.01"]
[EventType "tourn (corr)"]
[EventRounds "6"]
[EventCountry "GER"]
[SourceTitle "Corr 2013"]
[Source "ChessBase"]
[SourceDate "2012.11.12"]
[SourceVersion "1"]
[SourceVersionDate "2012.11.12"]
[SourceQuality "1"]
[WhiteTeam "US of America"]
[BlackTeam "US of America"]
[WhiteTeamCountry "USA"]
[BlackTeamCountry "USA"]

1. d4 Nf6 2. c4 e6 3. Nc3 Bb4 4. Nf3 b6 5. Qb3 Bxc3+ 6. Qxc3 Bb7 7. g3 0-0 8. Bg2 c5 9. dxc5 bxc5 10. Bg5 h6 11. Bxf6 Qxf6 12. Qxf6 gxf6 13. 0-0 Nc6 14. Rad1 Rfd8 15. Rd2 1-0

[Event "LSS CP-2008-P-00050"]
[Site "LSS email"]
[Date "2008.10.01"]
[Round "?"]
[White "Sheppard, Barry S"]
[Black "Deidun, Joseph Jr"]
[Result "0-1"]
[WhiteElo "2112"]
[BlackElo "1964"]
[PlyCount "40"]
[EventDate "2008.10.01"]
[EventType "tourn (corr)"]
[EventRounds "6"]
[EventCountry "GER"]
[SourceTitle "Corr 2013"]
[Source "ChessBase"]
[SourceDate "2012.11.12"]
[SourceVersion "1"]
[SourceVersionDate "2012.11.12"]
[SourceQuality "1"]
[WhiteTeam "US of America"]
[BlackTeam "US of America"]
[WhiteTeamCountry "USA"]
[BlackTeamCountry "USA"]

1. d4 Nf6 2. c4 e6 3. Nc3 Bb4 4. Qc2 c5 5. dxc5 Bxc5 6. Nf3 Nc6 7. a3 0-0 8. Bg5 Nd4 9. Nxd4 Bxd4 10. e3 Qa5 11. exd4 Qxg5 12. Qd2 Qxd2+ 13. Kxd2 b6 14. Bd3 Bb7 15. f3 Rfd8 16. Rhe1 d6 17. Rac1 Rac8 18. Ke3 Ba6 19. Ne4 Nxe4 20. fxe4 e5 0-1

[Event "LSS CP-2005-S-00009"]
[Site "LSS email"]
[Date "2008.04.15"]
[Round "?"]
[White "Bossenbroek, Hendrik Jan"]
[Black "Deidun, Joseph Jr"]
[Result "1-0"]
[WhiteElo "2099"]
[BlackElo "1982"]
[PlyCount "121"]
[EventDate "2008.04.15"]
[EventType "tourn (corr)"]
[EventRounds "6"]
[EventCountry "GER"]
[SourceTitle "Corr 2011"]
[Source "ChessBase"]
[SourceDate "2010.08.31"]
[SourceVersion "1"]
[SourceVersionDate "2010.08.31"]
[SourceQuality "1"]

1. d4 Nf6 2. c4 e6 3. Nc3 Bb4 4. Qc2 0-0 5. a3 Bxc3+ 6. Qxc3 b6 7. Nf3 Bb7 8. e3 d5 9. b3 c5 10. Be2 Ne4 11. Qc2 dxc4 12. bxc4 Ng5 13. Nd2 Nh3 14. Bf3 Bxf3 15. Nxf3 Ng5 16. Nd2 f5 17. Bb2 cxd4 18. exd4 Nc6 19. h4 Nf7 20. Qc3 e5 21. d5 Ne7 22. 0-0 Rc8 23. Qg3 f4 24. Qg4 b5 25. Rfe1 bxc4 26. Bxe5 Nxe5 27. Rxe5 Ng6 28. Qe6+ Kh8 29. Rh5 Qe8 30. Rc1 c3 31. Nf3 Qxe6 32. dxe6 Rfd8 33. Rb5 Kg8 34. Rb7 Re8 35. Rb3 c2 36. Rb2 Nf8 37. Rbxc2 Rxc2 38. Rxc2 Nxe6 39. Rc4 Rd8 40. Ra4 Rd7 41. Kh2 Rf7 42. Kh3 Nc5 43. Rd4 h6 44. Ne5 Re7 45. Ng6 Re6 46. h5 Ra6 47. Rd8+ Kf7 48. Kg4 Ne6 49. Rd7+ Kf6 50. Rd5 Kf7 51. Kf5 Nf8 52. Ne5+ Ke7 53. Rd3 Ra5 54. f3 a6 55. Rd4 Rxa3 56. Rxf4 Ne6 57. Rb4 Rc3 58. f4 Nc7 59. Rd4 a5 60. g4 Rc5 61. Rd7+ 1-0

[Event "IECG CP.2006.Q.00020 email"]
[Site "IECG email"]
[Date "2008.01.15"]
[Round "?"]
[White "Deidun, Joseph Jr"]
[Black "Simon, Holger"]
[Result "1/2-1/2"]
[WhiteElo "1953"]
[BlackElo "2149"]
[PlyCount "38"]
[EventDate "2008.01.15"]
[EventType "tourn (corr)"]
[EventRounds "6"]
[SourceTitle "Corr 2024"]
[Source "ChessBase"]
[SourceDate "2023.10.19"]
[SourceVersion "1"]
[SourceVersionDate "2023.10.19"]
[SourceQuality "1"]

1. d4 Nf6 2. c4 g6 3. Nc3 Bg7 4. e4 d6 5. Nf3 0-0 6. Be2 e5 7. dxe5 dxe5 8. 0-0 c6 9. Qxd8 Rxd8 10. Be3 Na6 11. Rfd1 Re8 12. h3 Bf8 13. Bd3 Nc5 14. Bc2 a5 15. a3 b6 16. Na4 Rb8 17. Nxc5 Bxc5 18. Bxc5 bxc5 19. b3 Kg7 1/2-1/2

[Event "IECG CP.2006.Q.00020 email"]
[Site "IECG email"]
[Date "2008.01.15"]
[Round "?"]
[White "Krupa, Bartlomiej"]
[Black "Deidun, Joseph Jr"]
[Result "1/2-1/2"]
[WhiteElo "2130"]
[BlackElo "1953"]
[PlyCount "91"]
[EventDate "2008.01.15"]
[EventType "tourn (corr)"]
[EventRounds "6"]
[SourceTitle "Corr 2024"]
[Source "ChessBase"]
[SourceDate "2023.10.19"]
[SourceVersion "1"]
[SourceVersionDate "2023.10.19"]
[SourceQuality "1"]

1. e4 c6 2. d4 d5 3. Nc3 dxe4 4. Nxe4 Bf5 5. Ng3 Bg6 6. h4 h6 7. Nf3 e6 8. Ne5 Bh7 9. Bd3 Bxd3 10. Qxd3 Nf6 11. Bd2 Nbd7 12. f4 Bd6 13. 0-0-0 0-0 14. Ne2 c5 15. g4 cxd4 16. Nxd7 Nxd7 17. g5 h5 18. Qxd4 Bc5 19. Qe4 Qc7 20. Bc3 Rac8 21. Rh3 Bb6 22. g6 Nc5 23. gxf7+ Rxf7 24. Qg6 Qc6 25. Bd4 Ne4 26. c3 Nf2 27. Bxf2 Bxf2 28. Qxh5 Qa4 29. a3 e5 30. Rhd3 exf4 31. Nd4 Be3+ 32. Kb1 Bxd4 33. Rxd4 Qc6 34. Qg4 Rcf8 35. Rd6 Qe4+ 36. Ka1 Qe8 37. h5 f3 38. h6 f2 39. Qc4 Qc8 40. Qd5 Qg4 41. hxg7 Re8 42. Qh1 Rxg7 43. Qd5+ Rf7 44. Qh1 Rfe7 45. Qd5+ Kg7 46. Ka2 1/2-1/2

[Event "IECG CP.2007.P.00052 email"]
[Site "IECG email"]
[Date "2007.10.05"]
[Round "?"]
[White "Deidun, Joseph Jr"]
[Black "Closs, Mike"]
[Result "1-0"]
[WhiteElo "1939"]
[BlackElo "2155"]
[PlyCount "31"]
[EventDate "2007.10.01"]
[EventType "tourn (corr)"]
[EventRounds "6"]
[SourceTitle "Corr 2011"]
[Source "ChessBase"]
[SourceDate "2010.08.31"]
[SourceVersion "1"]
[SourceVersionDate "2010.08.31"]
[SourceQuality "1"]

1. d4 Nf6 2. c4 g6 3. Nc3 d5 4. e3 Bg7 5. Nf3 c6 6. Bd3 0-0 7. 0-0 Bg4 8. h3 Bxf3 9. Qxf3 e6 10. Rd1 Nbd7 11. Be2 Re8 12. b3 e5 13. cxd5 exd4 14. exd4 Nxd5 15. Nxd5 cxd5 16. Be3 1-0

[Event "IECG CP.2007.P.00052 email"]
[Site "IECG email"]
[Date "2007.10.01"]
[Round "?"]
[White "Deidun, Joseph Jr"]
[Black "Hadden, Ian"]
[Result "1-0"]
[WhiteElo "1939"]
[BlackElo "1507"]
[PlyCount "87"]
[EventDate "2007.10.01"]
[EventType "tourn (corr)"]
[EventRounds "6"]
[SourceTitle "Corr 2011"]
[Source "ChessBase"]
[SourceDate "2010.08.31"]
[SourceVersion "1"]
[SourceVersionDate "2010.08.31"]
[SourceQuality "1"]

1. d4 Nf6 2. c4 e6 3. Nf3 d5 4. Nc3 Bb4 5. Bg5 0-0 6. e3 c5 7. Qb3 a5 8. a3 a4 9. Qc2 Bxc3+ 10. bxc3 h6 11. Bxf6 Qxf6 12. Bd3 dxc4 13. Bxc4 Nc6 14. 0-0 e5 15. dxc5 Bf5 16. e4 Bg4 17. Nd2 Rfd8 18. Rfb1 Qe7 19. Nf1 Ra5 20. Ne3 Bc8 21. Rd1 Qxc5 22. Rd5 Rxd5 23. exd5 Ne7 24. Rd1 b5 25. Bd3 g6 26. Be4 Ra6 27. c4 Bd7 28. cxb5 Qxc2 29. Bxc2 Bxb5 30. d6 Nc6 31. d7 Nd8 32. Rb1 Bc6 33. Rb8 Ra8 34. Rc8 Bb7 35. Rxa8 Bxa8 36. Bxa4 f6 37. Ng4 Kf7 38. Nxh6+ Ke6 39. h4 Bc6 40. Bc2 e4 41. Bb3+ Kxd7 42. Nf7 Kc8 43. g4 Kc7 44. h5 1-0